Premi Lega Serie A - Miglior difensore - Statistics

Statistiche generali
  • Questo quiz è stato fatto 44 volte
    22 dall'ultimo reset
  • Il punteggio medio è 5 su 6
Statistiche sulle risposte
Stagione Nazione Squadra Giocatore % Corretto
2018-2019 Senegal Napoli Kalidou Koulibaly
100%
2019-2020 Paesi Bassi Inter Stefan de Vrij
100%
2023-2024 Italia Inter Alessandro Bastoni
93%
2021-2022 Brasile Torino Gleison Bremer
86%
2020-2021 Argentina Atalanta Cristian Romero
79%
2022-2023 Corea del Sud Napoli Kim Min-jae
64%
Nessun quiz corrispondente trovato
Distribuzione punteggi
Percentuale di utenti per punteggio
Percentile per numero di risposta
I tuoi punteggi nel tempo
Non hai fatto questo quiz dall'ultimo reset